| 000 -LEADER |
| fixed length control field |
00656pam a2200217 a 4500 |
| 020 ## - INTERNATIONAL STANDARD BOOK NUMBER |
| ISBN |
0849367301 (v. 1) |
| 020 ## - INTERNATIONAL STANDARD BOOK NUMBER |
| ISBN |
084936731X (v. 2.) |
| 040 ## - CATALOGING SOURCE |
| Transcribing agency |
DLC |
| 082 00 - DEWEY DECIMAL CLASSIFICATION NUMBER |
| Classification number |
616 CRC 1988 A055 Or. |
| 245 00 - TITLE STATEMENT |
| Title |
Polycyclic aromatic hydrocarbon carcinogenesis : |
| Remainder of title |
structure-activity relationships / |
| 260 ## - PUBLICATION, DISTRIBUTION, ETC. (IMPRINT) |
| Place of publication |
Boca Raton, Fla. : |
| Name of publisher |
CRC Press, |
| Year of publication |
c1988. |
| 300 ## - PHYSICAL DESCRIPTION |
| Number of Pages |
2 v. : |
| Other physical details |
ill. ; |
| Dimensions |
27 cm. |
| 650 #0 - SUBJECT ADDED ENTRY--TOPICAL TERM |
| Topical Term |
Polycyclic aromatic hydrocarbons |
| 650 #0 - SUBJECT ADDED ENTRY--TOPICAL TERM |
| Topical Term |
Carcinogenesis. |
| 650 #2 - SUBJECT ADDED ENTRY--TOPICAL TERM |
| Topical Term |
Neoplasms |
| 650 #2 - SUBJECT ADDED ENTRY--TOPICAL TERM |
| Topical Term |
Polycyclic Hydrocarbons |
| 650 #2 - SUBJECT ADDED ENTRY--TOPICAL TERM |
| Topical Term |
Structure-Activity Relationship. |
| 700 1# - ADDED ENTRY--PERSONAL NAME |
| Personal name |
Yang, Shen K., |
| 700 1# - ADDED ENTRY--PERSONAL NAME |
| Personal name |
Silverman, B. D. |
| 942 ## - ADDED ENTRY ELEMENTS (KOHA) |
| Koha item type |
សៀវភៅភាសាអង់គ្លេស |
| 952 ## - LOCATION AND ITEM INFORMATION (KOHA) |
| Withdrawn status [LOCAL, KOHA] |
0 |